[Event "Espalion op 1st"]
[Site "Espalion"]
[Date "2016.07.13"]
[Round "6"]
[White "Carno, Matthias"]
[Black "Kedinger, Christian"]
[Result "1-0"]
[WhiteElo "1792"]
[BlackElo "1820"]
[PlyCount "69"]
[EventDate "2016.07.09"]
[EventType "swiss"]
[EventRounds "9"]
[EventCountry "FRA"]
[SourceTitle "CBM 173 Extra"]
[Source "ChessBase"]
[SourceDate "2016.08.29"]
[SourceVersion "1"]
[SourceVersionDate "2016.08.29"]
[SourceQuality "1"]

1. e4 g6 2. d4 Bg7 3. c4 d6 4. Nc3 e5 5. Be3 exd4 6. Bxd4 Nf6 7. e5 dxe5 8. Bxe5 Qe7 9. Qe2 c6 10. Bd4 Be6 11. Nf3 h6 12. Ne4 0-0 13. Bc5 Qc7 14. Bxf8 Kxf8 15. 0-0-0 Qf4+ 16. Nfd2 Nxe4 17. Qxe4 Qxf2 18. Qf3 Qd4 19. Qa3+ c5 20. Nf3 Qf4+ 21. Kb1 Nc6 22. Qxc5+ Kg8 23. Bd3 Qf6 24. Qa3 Na5 25. Nd2 b5 26. cxb5 Rd8 27. Ne4 Qe5 28. Qc3 Rd4 29. Rhe1 Qd5 30. Qxa5 Rxd3 31. Rxd3 Qxd3+ 32. Ka1 Bf5 33. Nc3 Qd2 34. Rd1 Bxc3 35. Qd8+ 1-0

[Event "Espalion op 1st"]
[Site "Espalion"]
[Date "2016.07.10"]
[Round "2"]
[White "Moingt, Anne"]
[Black "Kedinger, Christian"]
[Result "1/2-1/2"]
[WhiteElo "2073"]
[BlackElo "1820"]
[PlyCount "172"]
[EventDate "2016.07.09"]
[EventType "swiss"]
[EventRounds "9"]
[EventCountry "FRA"]
[SourceTitle "CBM 173 Extra"]
[Source "ChessBase"]
[SourceDate "2016.08.29"]
[SourceVersion "1"]
[SourceVersionDate "2016.08.29"]
[SourceQuality "1"]

1. e4 g6 2. d4 Bg7 3. Nf3 d6 4. Bc4 e6 5. 0-0 Ne7 6. Bb3 0-0 7. Re1 b6 8. c3 Nd7 9. Bg5 h6 10. Be3 Bb7 11. Nbd2 Nf6 12. Bf4 Nh5 13. Be3 Nf6 14. Bc2 Ng4 15. Bf4 e5 16. Bg3 f5 17. exf5 Nxf5 18. dxe5 Nxg3 19. hxg3 Nxe5 20. Nd4 Qf6 21. f4 Nc6 22. Re6 Qd8 23. Rxg6 Nxd4 24. cxd4 Qe8 25. Nf3 Be4 26. Bxe4 Qxe4 27. Qb3+ Kh7 28. Re6 Qc6 29. Qd3+ Kg8 30. Rae1 Rae8 31. Qg6 Rxe6 32. Qxe6+ Kh7 33. Qe3 Qd5 34. Qe4+ Qxe4 35. Rxe4 Kg8 36. Kf2 Kf7 37. b3 c6 38. g4 Re8 39. Ke3 d5 40. Rxe8 Kxe8 41. g5 hxg5 42. Nxg5 Ke7 43. g4 c5 44. dxc5 bxc5 45. Nf3 Kd6 46. Kd3 Ke6 47. Nh4 Bb2 48. Kc2 Bd4 49. Nf5 Bf6 50. Kd3 a5 51. a4 Bb2 52. Ne3 Bc1 53. Ng2 Bb2 54. Ke2 Bc1 55. Kf3 Bd2 56. Nh4 Kf7 57. g5 Kg8 58. Nf5 Kf7 59. Nd6+ Ke6 60. g6 Bc3 61. Ne8 Bb2 62. Nc7+ Kd6 63. Nb5+ Ke7 64. f5 Bf6 65. Kf4 Bb2 66. Na7 Kf6 67. Nc6 Bc3 68. Kg4 Bd2 69. Nd8 c4 70. bxc4 dxc4 71. Ne6 Bh6 72. Nc5 Ke5 73. Nd7+ Kd6 74. f6 c3 75. g7 c2 76. g8Q c1Q 77. f7 Qf4+ 78. Kh5 Kxd7 79. Qe8+ Kd6 80. Qb8+ Ke7 81. Qe8+ Kf6 82. f8Q+ Bxf8 83. Qxf8+ Ke5 84. Qc5+ Ke6 85. Qb6+ Qd6 86. Qxa5 Qd5+ 1/2-1/2

[Event "Espalion op 1st"]
[Site "Espalion"]
[Date "2016.07.09"]
[Round "1"]
[White "Kedinger, Christian"]
[Black "Rollot, Nathalie"]
[Result "1-0"]
[WhiteElo "1820"]
[BlackElo "1344"]
[PlyCount "117"]
[EventDate "2016.07.09"]
[EventType "swiss"]
[EventRounds "9"]
[EventCountry "FRA"]
[SourceTitle "CBM 173 Extra"]
[Source "ChessBase"]
[SourceDate "2016.08.29"]
[SourceVersion "1"]
[SourceVersionDate "2016.08.29"]
[SourceQuality "1"]

1. e4 e5 2. Nf3 Nc6 3. c3 Nf6 4. d4 exd4 5. e5 Ng4 6. cxd4 d6 7. h3 Nh6 8. Bxh6 gxh6 9. Bb5 Bd7 10. Qe2 Qe7 11. 0-0 Rg8 12. Kh1 0-0-0 13. Re1 dxe5 14. dxe5 Rg6 15. Nc3 a6 16. Bd3 Re6 17. Bf5 Bg7 18. Bxe6 Qxe6 19. Rad1 Qg6 20. Nd5 Re8 21. Qe4 Be6 22. Qf4 Qc2 23. Rd2 Qc5 24. Qe4 Qa5 25. b4 Bxd5 26. bxa5 Bxe4 27. Rxe4 Nxa5 28. Rd5 Nc6 29. Nd4 f6 30. Nxc6 bxc6 31. Ra5 fxe5 32. f4 Kb7 33. fxe5 Kb6 34. Ra3 Rxe5 35. Rxe5 Bxe5 36. Kg1 Kb5 37. Kf1 c5 38. Ke2 c4 39. Kd1 a5 40. Kc2 Kb4 41. Rf3 a4 42. g4 c3 43. Rf5 Bd4 44. Rf8 c5 45. Rf7 Ka3 46. Ra7 Kb4 47. Rxh7 Be3 48. Rh8 Bg5 49. Re8 Bd2 50. Rg8 Ka3 51. Ra8 Kb4 52. Rd8 Bg5 53. Rd6 Bd2 54. h4 Ka3 55. Rxd2 cxd2 56. g5 d1Q+ 57. Kxd1 Kxa2 58. Kc2 Ka3 59. gxh6 1-0